[Event "AUTO-OPEN-4576"]
[Site "http://www.queenalice.com/game.php?id=1852233"]
[Date "2025.2.15"]
[Round "1"]
[White "game"]
[Black "GUKI"]
[Result "0-1"]
[WhiteElo "1561"]
[BlackElo "1876"]

1. e4 c5 2. Nf3 d6 3. Bc4 Nf6 4. Ng5 e6 5. d4 h6 6. Nh3 cxd4 7. Qxd4 Nc6 8. Qd3
d5 9. exd5 exd5 10. Bb5 Bd6 11. O-O O-O 12. Ba4 Ne5 13. Qd4 Bxh3 14. gxh3 Nf3+
15. Kg2 Nxd4 16. Nc3 Nf5 17. f4 d4 18. Nb5 Bc5 19. Rd1 Qd5+ 20. Kg1 d3+ 21. Kf1
Qh1# 0-1

[Event "AUTO-OPEN-4577"]
[Site "http://www.queenalice.com/game.php?id=1852503"]
[Date "2025.2.20"]
[Round "1"]
[White "game"]
[Black "GUKI"]
[Result "0-1"]
[WhiteElo "1561"]
[BlackElo "1893"]

1. e4 c5 2. Nf3 d6 3. Bc4 Nf6 4. Ng5 e6 5. d3 Be7 6. h4 h6 7. Nf3 O-O 8. O-O d5
9. exd5 exd5 10. Bb5 a6 11. Ba4 b5 12. Bb3 c4 13. dxc4 dxc4 14. Qe2 cxb3 15. Rd1
Qc7 16. axb3 Nc6 17. Nc3 Be6 18. Rd3 Rfe8 19. g3 Bg4 20. Bf4 Qb7 21. Kg2 Bc5 22.
Qd2 Nd4 23. Kf1 Bh3+ 24. Kg1 Nxf3+ 25. Rxf3 Qxf3 26. Qd3 Qg2# 0-1

[Event "AUTO-OPEN-4577"]
[Site "http://www.queenalice.com/game.php?id=1852504"]
[Date "2025.2.20"]
[Round "1"]
[White "GUKI"]
[Black "game"]
[Result "1-0"]
[WhiteElo "1846"]
[BlackElo "1565"]

1. e4 e5 2. Bc4 d6 3. Nf3 Nf6 4. Nc3 d5 5. Nxd5 Ng4 6. h3 Nh6 7. Nxe5 Qg5 8. O-O
Qxe5 9. d4 Qd6 10. Bf4 Qc6 11. Bb5 Qxb5 12. Nxc7+ Kd8 13. Nxb5 Nd7 14. Bc7+ Ke7
15. Qf3 Nf6 16. Qa3+ Ke8 17. Bd6 Nxe4 18. Bxf8 Rxf8 19. Rae1 Bd7 20. Rxe4+ Kd8
21. Qxf8+ 1-0

[Event "AUTO-OPEN-4577"]
[Site "http://www.queenalice.com/game.php?id=1852531"]
[Date "2025.2.20"]
[Round "1"]
[White "silverado"]
[Black "GUKI"]
[Result "0-1"]
[WhiteElo "1957"]
[BlackElo "1967"]

1. e4 c5 2. c3 Nf6 3. d3 Nc6 4. Na3 d5 5. exd5 Nxd5 6. Be2 e5 7. Nf3 g6 8. Nc4
Bg7 9. Bg5 Qc7 10. O-O h6 11. Bh4 Be6 12. Bg3 f5 13. h3 O-O-O 14. Re1 Nxc3 15.
bxc3 Bxc4 16. Qa4 Bxd3 17. Bxd3 Rxd3 18. Rac1 Rhd8 19. Kh1 Qd7 20. Nxe5 Bxe5 21.
Bxe5 Nxe5 22. Qf4 Nf7 23. Qc4 Rd5 24. a4 Ne5 25. Qb3 Nd3 26. Rb1 Nxe1 27. Rxe1
Rd1 0-1

[Event "AUTO-OPEN-4577"]
[Site "http://www.queenalice.com/game.php?id=1852532"]
[Date "2025.2.20"]
[Round "1"]
[White "GUKI"]
[Black "silverado"]
[Result "1-0"]
[WhiteElo "1904"]
[BlackElo "1945"]

1. e4 e5 2. Nf3 Nc6 3. Bb5 Qf6 4. Nc3 a6 5. Nd5 Qd6 6. Bc4 Na5 7. Be2 Nf6 8. c4
Nxe4 9. d4 exd4 10. Bf4 Qc5 11. O-O d6 12. b4 Qc6 13. Nxd4 Qd7 14. bxa5 Be7 15.
Bf3 Nc5 16. Re1 Ne6 17. Nxe6 fxe6 18. Rxe6 O-O 19. Rxe7 Qf5 20. Qd4 Rf7 21. Re8+
1-0

[Event "AUTO-OPEN-4577"]
[Site "http://www.queenalice.com/game.php?id=1852549"]
[Date "2025.2.20"]
[Round "1"]
[White "NickThorp"]
[Black "GUKI"]
[Result "0-1"]
[WhiteElo "1466"]
[BlackElo "2336"]

1. e4 c5 2. Nf3 d6 3. Bb5+ Nd7 4. Nc3 a6 5. Bxd7+ Bxd7 6. d3 e6 7. O-O Ne7 8.
Bg5 h6 9. Bh4 g5 10. Bg3 e5 11. h3 Bg7 12. Nd5 Nxd5 13. exd5 b5 14. c4 bxc4 15.
dxc4 a5 16. b3 f5 17. Bh2 O-O 18. a4 e4 0-1

[Event "AUTO-OPEN-4577"]
[Site "http://www.queenalice.com/game.php?id=1852550"]
[Date "2025.2.20"]
[Round "1"]
[White "GUKI"]
[Black "NickThorp"]
[Result "1-0"]
[WhiteElo "2336"]
[BlackElo "1466"]

1. e4 e5 2. Nf3 Nc6 3. Bb5 a6 4. Ba4 b5 5. Bb3 Bc5 6. c3 d6 7. d4 exd4 8. cxd4
Bb4+ 9. Nc3 Bg4 10. O-O Nf6 11. Nd5 Nxd5 12. Bxd5 Qd7 13. Qc2 Bxf3 14. Bxc6 Bxe4
15. Qxe4+ Kd8 16. Bg5+ Kc8 17. Bxd7+ Kxd7 18. Rac1 f6 19. Qc6+ 1-0

[Event "AUTO-MASTER-3255"]
[Site "http://www.queenalice.com/game.php?id=1852967"]
[Date "2025.2.26"]
[Round "1"]
[White "Diego_Silveira"]
[Black "GUKI"]
[Result "0-1"]
[WhiteElo "2141"]
[BlackElo "2355"]

1. Nf3 d5 2. c4 d4 3. e3 c5 4. b4 Nf6 5. Bb2 dxe3 6. fxe3 cxb4 7. d4 g6 8. Be2
Bh6 9. Qd3 Bf5 10. Qb3 a5 11. O-O O-O 12. a4 Ra6 13. d5 Nbd7 14. Bd4 Re8 15.
Nbd2 e5 16. c5 exd4 17. Bxa6 Nxc5 18. Qc4 dxe3 19. Qxc5 exd2 20. Kh1 bxa6 21.
Rad1 Qxd5 22. Qxd5 Nxd5 23. Nxd2 Nc3 0-1

[Event "AUTO-MASTER-3255"]
[Site "http://www.queenalice.com/game.php?id=1852968"]
[Date "2025.2.26"]
[Round "1"]
[White "GUKI"]
[Black "Diego_Silveira"]
[Result "1-0"]
[WhiteElo "2346"]
[BlackElo "2141"]

1. e4 c6 2. d4 d5 3. e5 Bf5 4. Nf3 e6 5. Be2 Nd7 6. O-O Qb6 7. c4 dxc4 8. Nbd2
h5 9. Nxc4 Qc7 10. Bd2 h4 11. Ba5 b6 12. Bd2 h3 13. g3 Nh6 14. Rc1 f6 15. exf6
gxf6 16. Bf4 Qd8 17. Ne3 Bg6 18. Rxc6 Kf7 19. Nh4 Rc8 20. Nxg6 Kxg6 21. Qc2+ Kf7
22. Rxc8 1-0

[Event "AUTO-MASTER-3255"]
[Site "http://www.queenalice.com/game.php?id=1852975"]
[Date "2025.2.26"]
[Round "1"]
[White "CCapivara"]
[Black "GUKI"]
[Result "0-1"]
[WhiteElo "2182"]
[BlackElo "2079"]

1. e4 c5 2. Nf3 d6 3. d4 cxd4 4. Nxd4 Nf6 5. Nc3 a6 6. Bg5 e6 7. f4 Qb6 8. Nb3
Be7 9. Qf3 Qc7 10. O-O-O Nbd7 11. g4 h6 12. Bxf6 Bxf6 13. h4 Bxc3 14. bxc3 b5
15. g5 Bb7 16. g6 f5 17. Bd3 Nf6 18. Rhe1 O-O 19. Nd4 Qxc3 20. Nxe6 Rfe8 21. Ng5
Rac8 22. Kb1 fxe4 0-1

[Event "AUTO-MASTER-3255"]
[Site "http://www.queenalice.com/game.php?id=1852976"]
[Date "2025.2.26"]
[Round "1"]
[White "GUKI"]
[Black "CCapivara"]
[Result "1-0"]
[WhiteElo "2016"]
[BlackElo "2182"]

1. e4 d6 2. d4 Nf6 3. Nc3 c6 4. f4 Qa5 5. Bd3 e5 6. Nf3 Bg4 7. Be3 Nbd7 8. h3
exf4 9. Bxf4 Bh5 10. g4 Bg6 11. Qe2 Be7 12. O-O-O b5 13. e5 dxe5 14. dxe5 Nd5
15. Nxd5 cxd5 16. e6 fxe6 17. Bxg6+ hxg6 18. Qxe6 Qxa2 19. Rhe1 O-O-O 20. Qc6#
1-0

[Event "Let's Play Chess!"]
[Site "http://www.queenalice.com/game.php?id=1853297"]
[Date "2025.3.4"]
[Round "-"]
[White "GUKI"]
[Black "mikex"]
[Result "1-0"]
[WhiteElo "2194"]
[BlackElo "2438"]

1. e4 c5 2. Nf3 d6 3. d4 cxd4 4. Nxd4 Nf6 5. Nc3 a6 6. Bg5 e6 7. f4 Qb6 8. Qd2
Qxb2 9. Rb1 Qa3 10. e5 h6 11. Bh4 dxe5 12. fxe5 1-0

[Event "Let's Play Chess!"]
[Site "http://www.queenalice.com/game.php?id=1853298"]
[Date "2025.3.4"]
[Round "-"]
[White "mikex"]
[Black "GUKI"]
[Result "0-1"]
[WhiteElo "2438"]
[BlackElo "2129"]

1. d4 Nf6 2. c4 g6 3. Nc3 Bg7 4. e4 d6 5. Nf3 O-O 6. Be2 e5 7. O-O Nc6 8. d5 Ne7
9. b4 Nh5 10. Re1 f5 11. Rb1 a5 0-1

[Event "AUTO-ELITE-2573"]
[Site "http://www.queenalice.com/game.php?id=1853321"]
[Date "2025.3.5"]
[Round "1"]
[White "raulzampronha"]
[Black "GUKI"]
[Result "0-1"]
[WhiteElo "2165"]
[BlackElo "2304"]

1. d4 Nf6 2. c4 e6 3. Nc3 d5 4. cxd5 exd5 5. Bg5 Be7 6. Nf3 c6 7. e3 Bf5 8. Bd3
Bxd3 9. Qxd3 Nbd7 10. O-O O-O 11. Rab1 a5 0-1

[Event "AUTO-ELITE-2575"]
[Site "http://www.queenalice.com/game.php?id=1854003"]
[Date "2025.3.16"]
[Round "1"]
[White "GUKI"]
[Black "BeatifulDevil56"]
[Result "1-0"]
[WhiteElo "2336"]
[BlackElo "2178"]

1. e4 e6 2. d4 d5 3. Nc3 Bb4 4. e5 c5 5. a3 Bxc3+ 6. bxc3 Ne7 7. Qg4 O-O 8. Bd3
Nbc6 9. Bg5 Qa5 10. Ne2 cxd4 11. Qh5 Ng6 12. f4 dxc3 13. O-O Qc7 14. Rf3 f5 15.
exf6 gxf6 16. Bh6 f5 17. Bxf8 Nxf8 18. Rb1 Ng6 19. g4 1-0

[Event "AUTO-ELITE-2575"]
[Site "http://www.queenalice.com/game.php?id=1854004"]
[Date "2025.3.16"]
[Round "1"]
[White "BeatifulDevil56"]
[Black "GUKI"]
[Result "0-1"]
[WhiteElo "2195"]
[BlackElo "2362"]

1. c4 e5 2. Nc3 Nf6 3. Nf3 Nc6 4. e3 Bb4 5. Qc2 Bxc3 6. Qxc3 Qe7 7. d4 e4 8. Nd2
d5 9. c5 a5 10. a3 a4 11. Be2 h5 12. Qc2 Bd7 13. b4 axb3 14. Qxb3 Na5 15. Qc3 h4
16. h3 Nh5 17. Nb3 Nc6 18. O-O Qg5 19. Kh2 Ng3 20. Qe1 Nxf1+ 21. Qxf1 O-O 22.
Nd2 b6 23. Nb3 Ra7 24. cxb6 cxb6 25. f4 Qg3+ 26. Kh1 Rfa8 27. Bb2 Qxe3 0-1

[Event "AUTO-ELITE-2578"]
[Site "http://www.queenalice.com/game.php?id=1854830"]
[Date "2025.4.2"]
[Round "1"]
[White "Sexxy_Bunny"]
[Black "GUKI"]
[Result "1/2-1/2"]
[WhiteElo "2680"]
[BlackElo "2379"]

1. e4 c5 2. Nf3 d6 3. d4 cxd4 4. Nxd4 Nf6 5. Nc3 a6 6. Be3 e5 7. Nb3 Be6 8. f3
h5 9. Qd2 Nbd7 10. Nd5 Bxd5 11. exd5 g6 12. Be2 Bg7 13. O-O b6 14. c4 O-O 15.
Rae1 Re8 16. Bf2 Rc8 17. Kh1 a5 18. a4 Nh7 19. Bd3 Nc5 20. Bxc5 dxc5 21. Nc1 h4
22. Ne2 Bf6 23. Ng1 Bg5 24. Qc3 Qd6 25. Re2 f5 26. Nh3 Bf6 27. Qd2 Rc7 28. g3
hxg3 29. hxg3 e4 30. fxe4 Qxg3 31. Re3 Qe5 32. Re2 Qg3 33. Re3 Qe5 34. Re2 Qg3
1/2-1/2

[Event "AUTO-ELITE-2578"]
[Site "http://www.queenalice.com/game.php?id=1854831"]
[Date "2025.4.2"]
[Round "1"]
[White "GUKI"]
[Black "Sexxy_Bunny"]
[Result "1/2-1/2"]
[WhiteElo "2369"]
[BlackElo "2686"]

1. e4 c5 2. Nf3 d6 3. d4 cxd4 4. Nxd4 Nf6 5. Nc3 a6 6. h3 e5 7. Nb3 Be6 8. Be3
Be7 9. f4 exf4 10. Bxf4 O-O 11. Qf3 Nbd7 12. O-O-O Rc8 13. g4 h6 14. Kb1 Re8 15.
Be2 b5 16. Rhf1 Qc7 17. Nd4 Nh7 18. a3 Bf6 19. Qg3 Qa7 20. Nxe6 Bxc3 21. g5 Rxe6
22. Bg4 hxg5 23. Be3 Qc7 24. Bxe6 fxe6 25. Qxd6 Be5 26. Qxe6+ Kh8 27. c3 Nhf6
28. Rf5 Re8 29. Qf7 Rf8 30. Qe6 Re8 31. Qf7 Rf8 32. Qe6 Re8 1/2-1/2

[Event "AUTO-ELITE-2578"]
[Site "http://www.queenalice.com/game.php?id=1862571"]
[Date "2025.9.5"]
[Round "2"]
[White "Sexxy_Bunny"]
[Black "GUKI"]
[Result "1/2-1/2"]
[WhiteElo "2604"]
[BlackElo "2377"]

1. e4 c5 2. Nf3 d6 3. d4 cxd4 4. Nxd4 Nf6 5. Nc3 a6 6. Be3 e5 7. Nb3 Be6 8. f3
h5 9. Qd2 Nbd7 10. Nd5 Bxd5 11. exd5 g6 12. Be2 Bg7 13. O-O b6 14. c4 O-O 15.
Rae1 Re8 16. Bf2 Rc8 17. Kh1 a5 18. a4 Nh7 19. Bd3 Bf6 20. Qc2 Bg5 21. Nc1 Nc5
22. Ne2 f5 23. g3 Rc7 24. Qd1 Nf6 25. Bc2 Rce7 26. b3 Bh6 27. Nc3 e4 28. fxe4
Nfxe4 29. Bxe4 Nxe4 30. Nxe4 Rxe4 31. Rxe4 Rxe4 32. Re1 Qe7 33. Kg2 Be3 34. Bxe3
Rxe3 35. Rxe3 Qxe3 36. Qf3 Qxf3+ 37. Kxf3 g5 38. h4 gxh4 39. gxh4 Kg7 40. Ke3
Kf7 41. Kd3 Kf6 42. Kd4 Kg6 43. Ke3 Kg7 44. Kf3 Kf7 45. Ke3 Kg6 46. Kf3 Kg7
1/2-1/2